আমাদের সংস্কতি ও সংগ্রাম / (Record no. 1461)
[ view plain ]
| 000 -LEADER | |
|---|---|
| fixed length control field | 00683nam a2200229 a 4500 |
| 001 - CONTROL NUMBER | |
| JCCL Control Number | 1461 |
| 003 - CONTROL NUMBER IDENTIFIER | |
| JCCL marc code | BD-JhCC |
| 005 - DATE AND TIME OF LATEST TRANSACTION | |
| control field | 20171021185921.0 |
| 008 - FIXED-LENGTH DATA ELEMENTS--GENERAL INFORMATION | |
| fixed length control field | 171019s1994 ben |||| ||a| 000 0 ben d |
| 020 ## - INTERNATIONAL STANDARD BOOK NUMBER | |
| International Standard Book Number | 984401915X |
| 035 ## - SYSTEM CONTROL NUMBER | |
| system control number | (BD-JhCC)1461 |
| 040 ## - CATALOGING SOURCE | |
| Original cataloging agency | BD-JhCC |
| Modifying agency | BD-JhCC |
| 041 ## - LANGUAGE CODE | |
| Language code of Book | ben |
| 082 ## - DEWEY DECIMAL CLASSIFICATION NUMBER | |
| Classification number | 954.92 |
| Author mark and Year | LHN 1994 |
| 100 ## - MAIN ENTRY--PERSONAL NAME | |
| Personal name | লোহানী, কামাল |
| 245 ## - TITLE STATEMENT | |
| Title | আমাদের সংস্কতি ও সংগ্রাম / |
| Statement of responsibility, etc | কামাল লোহানী |
| 260 ## - PUBLICATION, DISTRIBUTION, ETC. (IMPRINT) | |
| Place of publication, distribution, etc | ঢাকা : |
| Name of publisher, distributor, etc | আগামী প্রকাশনী, |
| Date of publication, distribution, etc | ১৯৯৪. |
| 300 ## - PHYSICAL DESCRIPTION | |
| Pagination | 247 p. : |
| Dimensions | 22 cm. |
| 650 ## - SUBJECT ADDED ENTRY--TOPICAL TERM | |
| Topical term or geographic name as entry element | Bangladesh |
| 942 ## - ADDED ENTRY ELEMENTS (KOHA) | |
| Source of classification or shelving scheme | Dewey Decimal Classification |
| Koha item type | Books |
| Source of classification or shelving scheme | Damaged status | Not for loan | Home library | Current library | Shelving location | Cost, normal purchase price | Total Checkouts | Full call number | Barcode | Date last seen | Copy number | Koha item type |
|---|---|---|---|---|---|---|---|---|---|---|---|---|
| Dewey Decimal Classification | JCC Rouf Library | JCC Rouf Library | Reference | 250.00 | 954.92 LHN 1994 | 2552 | 10/19/2017 | C-1 | Books |